White Fang /
White Fang is a novel by Jack London that tells the story of a wild dog's journey to becoming civilized. The story is set in the Yukon Territory of Canada during the Klondike Gold Rush. White Fang is forced to fend for himself in the wild, but is eventually captured and brought to civilization....
Uloženo v:
| Hlavní autor: | |
|---|---|
| Médium: | E-kniha |
| Jazyk: | Czech |
| Vydáno: |
Praha :
Saga Egmont,
2017
|
| Tagy: |
Žádné tagy |
| LEADER | 01227nam a22002297i 4500 | ||
|---|---|---|---|
| 001 | 312045 | ||
| 007 | ta | ||
| 008 | 260601s2017 xr ||||| |||| 00| 0 cze d | ||
| 020 | |a 9990003825520 | ||
| 044 | |a xr | ||
| 100 | 1 | |a London, Jack |4 aut | |
| 245 | 1 | 0 | |a White Fang / |c London, Jack |
| 264 | 1 | |a Praha : |b Saga Egmont, |c 2017 | |
| 300 | |a 1 online zdroj (248 stran) | ||
| 336 | |a text |b txt |2 rdacontent | ||
| 337 | |a bez média |b n |2 rdamedia | ||
| 338 | |a online zdroj |b cr |2 rdacarrier | ||
| 520 | 2 | |a White Fang is a novel by Jack London that tells the story of a wild dog's journey to becoming civilized. The story is set in the Yukon Territory of Canada during the Klondike Gold Rush. White Fang is forced to fend for himself in the wild, but is eventually captured and brought to civilization. He learns to live among humans and becomes a loyal pet. | |
| 910 | |a RBIT002 | ||
| 998 | |d 382552 |a https://core.palmknihy.cz/api/books/382552/cover?s0mhg6 |b https://core.palmknihy.cz/api/books/382552/cover/400?s0mhg6 |c https://core.palmknihy.cz/api/books/382552/cover/50?s0mhg6 |e |g 248 |i 9990003825520 |j https://core.palmknihy.cz/api/books/382552/preview.epub |l |q 49 |r 1 |s https://www.palmknihy.cz/kniha/382552 |t ebook |y 2017 |z 1 | ||
| 999 | |d 312043 | ||